000 00798nam a2200229 a 4500
001 000039033
005 20201002031451.0
008 130514s2012 dr ac 001 0 spa d
020 _a9789945876314
040 _aDO-SdBNP
_bspa
_cBNPHU
082 _a617.3
_bR457c
100 1 _aReyes Agüero, Fredis de Jesús,
_d1961-
_959935
245 1 0 _aCompendio de traumatología y ortopedia /
_cFredis de Jesús Reyes Agüero.
260 _aSanto Domingo :
_bJuan David Reyes,
_c2012.
300 _a344 p. :
_bil., retrs.
500 _aIncluye datos biográficos del autor en la solapa de la cubierta.
590 _aInventariado,2018/DG
650 4 _aTraumatología
_xManuales
_965276
650 4 _aCirugía ortopédica
_965277
650 4 _aOrtopedia
_965278
910 _aValidado. Control de calidad EMS
999 _c38523
_d38523